000 00509nam a22001697a 4500
005 20260420112410.0
008 260420b |||||||| |||| 00| 0 eng d
020 _a978-81-203-4242-2
050 _aQC 31 .M44 2011
100 _aMEHTA, NEERAJ
245 _aAPPLIED PHYSICS FOR ENGINEERS.
260 _aNEW DELHI,
_bPHI LEARNING PRIVATE LIMITED,
_c2011.
300 _aXXI, 998 P, ILL
500 _aINCLUDES INDEX.
650 _a1. PHYSICS - APPLIED 2. ENGINEERING PHYSICS
942 _2lcc
_cBK
999 _c217010
_d217010